000 003240000a22001450004500
003 MACL
040 _aMACL
090 _c5136
_d5135
100 _aShiva, Vandana
245 _aStaying Alive
_bWomen Ecology and Survival in India
260 _bKali for Women
_c1989
350 _a60
650 _aSociology
942 _cBOOK
_k307
999 _c5098
_d5098